1420 1000 1575 1742 1779 1246 1877 1884 1025 1226 1788 1178 1806 1836 1072 1669 1116 1624 1983 1641 1235 1550 1482 1477 1518 1128 1822 1124 1529 1458 1137 1095 1796 1946 1085 1539 1473 1432 1524 1462 1612 1347 1898 1061 1431 1029 1646 1824 1844 1219 1355 1249 1849 1784 1590 1414 1836 1636 1233 1161 1216 1233 1316 1304 1826 1088 1283 1010 1019 1504 1038 1811 1680 1609 1143 1577 1963 1223 1867 1438 1051 1875 1866 1466 1679 1494 1889 1593 1751 1481 1973 1255 1868 1213 1005 1428 1178 1392 1187 BCNSPRNW ULIB Ver.6.0+V

เปลี่ยนเป็นภาษาไทย

Change to English
 แสดงรายละเอียดบรรณานุกรม
  กลับหน้าหลัก

Brief Record : Get Marc (ISO 2709) : E-mail record : QR code < ปิดหน้าต่าง
LEADER : 00000nam 2200000uu 4500
001    13399121249
003     ULIB
008    110729s2553||||th 000 0 tha d
020    9789740323327
040    cl
050  4 HD37.75^bท199ท
100 0  ทวีป อภิสิทธ์
245 10 เทคนิคการเป็นวิทยากรและนักฝึกอบรม /^cทวีป อภิสิทธ์
250    พิมพ์ครั้งที่ 4
260    กรุงเทพฯ :^bสำนักพิมพ์แห่งจุฬาลงกรณ์มหาวิทยาลัย,^c2553
300    160 หน้า
650  4 การพูด
650  4 วาทศิลป์
650  4 วาทวิทยา
650  4 วิทยากร
945    ^p120^l0^i033022
945    ^p120^l0^i033023
995    ทศพร
999 ^a ทศพร
รายการนี้ยังไม่มีแท็ก
คุณยังไม่ได้ล็อกอิน คุณสามารถมีกิจกรรมร่วมกับเว็บไซต์ได้ แต่ต้องล็อกอินก่อน ::
  ล็อกอิน

รายการสื่อสารสนเทศ

ลำดับที่ ประเภท เลขเรียก/บาร์โค้ด สถานที่ สถานะ
1. วิทยาศาสตร์การแพทย์ และสุขภาพ
หนังสือสำรอง
สถานะ=หนังสือสำรอง
HD37.75 ท199ท ฉ.1 
  Barcode: 033022
ห้องสมุดวิทยาเขตสวรรค์ประชารักษ์
►หนังสือทั่วไป
บนชั้น
2. วิทยาศาสตร์การแพทย์ และสุขภาพ
วิทยาศาสตร์การแพทย์ และสุขภาพ
HD37.75 ท199ท ฉ.2 
  Barcode: 033023
ห้องสมุดวิทยาเขตสวรรค์ประชารักษ์
►หนังสือทั่วไป
บนชั้น

รายการใกล้เคียง
    ผู้แต่ง [ทวีป อภิสิทธ์]

    หัวเรื่อง [การพูด]
    หัวเรื่อง [วาทศิลป์]
    หัวเรื่อง [วาทวิทยา]
    หัวเรื่อง [วิทยากร]

BibComment


ยังไม่เคยถูกคอมเมนท์

คอมเมนท์ทรัพยากรรายการนี้
  คอมเมนท์: เทคนิคการเป็นวิทย..


 Copyright 2026. Bcnsprnw @Library